Tratado de patología quirúrgica / (Record no. 52190)

MARC details
000 -LEADER
campo de control de longitud fija 00659nam a2200169 i 4500
001 - NÚMERO DE CONTROL
campo de control 52190
003 - IDENTIFICADOR DE NÚMERO DE CONTROL
campo de control ES-MaACL
007 - CAMPO FIJO DE DESCRIPCIÓN FÍSICA--INFORMACIÓN GENERAL
campo de control de longitud fija t|
008 - DATOS DE LONGITUD FIJA--INFORMACIÓN GENERAL
campo de control de longitud fija 030826s1947 mx ||||1| spa d
100 1# - ENTRADA PRINCIPAL--NOMBRE DE PERSONA
Nombre de persona Christopher, Frederick.
9 (RLIN) 38672
245 10 - MENCIÓN DEL TÍTULO
Título Tratado de patología quirúrgica /
Mención de responsabilidad, etc. por autores americanos ; publicado bajo la dirección de Fraderick Christopher ; traducción de la cuarta edición original dirigida por Ramón Bertrán.
250 ## - MENCION DE EDICION
Mención de edición [1ª ed. española].
260 ## - PUBLICACIÓN, DISTRIBUCIÓN, ETC.
Lugar de publicación, distribución, etc. México :
Nombre del editor, distribuidor, etc. Edit. Interamericana,
Fecha de publicación, distribución, etc. 1947 (
Fabricante Imp. Nuevo Mundo)
300 ## - DESCRIPCIÓN FÍSICA
Extensión 2 v. :
Otras características físicas il. ;
Dimensiones 28 cm.
700 1# - ENTRADA AGREGADA--NOMBRE PERSONAL
Nombre de persona Bertrán, Ramón.
9 (RLIN) 28502
852 ## - LOCALIZACIÓN
Ubicación ES-MaACL
Número de control de estantería B-1742-43
Sublocalización o colección R.26420
Holdings
Estatus retirado Estado de pérdida Estado de daño No para préstamo Biblioteca de origen Biblioteca actual Ubicación en estantería Fecha de adquisición Fuente de adquisición Total de préstamos Signatura topográfica completa Código de barras Visto por última vez Precio de reemplazo Tipo de ítem Koha
        Biblioteca del Ateneo de Madrid Biblioteca del Ateneo de Madrid Sala Pardo Bazán 17/01/2008     B-1742-43 1054865 23/02/2023 23/02/2023 Libro impreso